Minecraft Items: Music Discs by Icon - Statistics

General Stats
  • This quiz has been taken 29 times
  • The average score is 15 of 21
Answer Stats
Picture Answer % Correct
Pigstep
100%
11
92%
cat
92%
Creator
83%
mellohi
83%
13
75%
chirp
75%
Lava Chicken
75%
stal
75%
5
67%
blocks
67%
mall
67%
otherside
67%
Precipice
67%
Tears
67%
ward
67%
Creator (Music Box)
58%
Relic
58%
strad
58%
wait
58%
far
42%
No matching quizzes found
Score Distribution
Percent of People with Each Score
Percentile by Number Answered
Your Score History
You have not taken this quiz